LEADER 00976nam a2200229 i 4500 001 000000107574 003 CaOOAMICUS 005 20160926000000.0 008 160926s1993 it u000 u ita u 013 $a79847 040 $aSeMil$bita 100 1 $aNegri, Luisa.$0(OLS)http://semarc/name/45287 245 10$aAlfredo Morbelli fotografo in Varese, 1920-1940 /$cLuisa Negri, Francesco Ogliari. 260 $aVarese :$bLativa,$c1993. 300 $a85 p., [71] c. di tav. :$bill. ;$c24x26 cm. 650 4$aMorbelli, Alfredo .$0(OLS)http://semarc/subject/18917 700 1 $aOgliari, Francesco <1931->.$0(OLS)http://semarc/name/5833 850 $aSeMil 852 $aSeMil$W1$xVenegono$y1$m3M IV 252$j63670$B63670$CSeMilBibl$Z2$F213821 $81 961 $aOmaggio: Citterio Mons. Bernardo <1908-2002> 996 $6245$aAlfredo Morbelli fotografo in Varese, 1920-1940$9(OLS)http://semarc/title/156205 996 $6260$aVarese :$bLativa$9(OLS)http://semarc/publisher/31042 LEADER 01374nam a2200253 i 4500 001 000000131794 003 CaOOAMICUS 005 20071002000000.0 008 071002s2007 it u000 u ita u 013 $a104708 040 $aSeMil$bita 100 1 $aColascilla Narducci, Valeria.$0(OLS)http://semarc/name/54373 245 10$aBuoni e Cattivi :$bun percorso dentro le fiabe tra identificazione e immedesimazione /$cTesi di Laurea di Valeria Colascilla Narducci ; Prof.ssa Rita Ciceri. 260 $a[S.l. :$bs.n.,$c2007] 300 $a100 c. ;$c30 cm. 500 $aIn testa al front. : Universitā Cattolica del Sacro Cuore, Milano, Facoltā di Psicologia ; Corso di Laurea Specialistica in Psicologia dello Sviluppo e della Comunicazione. - A pič del front. : Anno Accademico 2006/2007. - Contiene : Riferimenti bibliografici. 650 4$aTesi di laurea.$0(OLS)http://semarc/subject/1690 650 4$aFiaba - Analisi.$0(OLS)http://semarc/subject/25952 700 1 $aCiceri, Rita.$0(OLS)http://semarc/name/46190 850 $aSeMil 852 $aSeMil$W1$xVenegono$y1$m4X V 33$j85729$B85729$CSeMilBibl$Z2$F126950 $8L 961 $aOmaggio: Martinelli don Romano 996 $6245$aBuoni e Cattivi :$bun percorso dentro le fiabe tra identificazione e immedesimazione$9(OLS)http://semarc/title/193711 996 $6260$a[S.l. :$bs.n.$9(OLS)http://semarc/publisher/31686